SAT Words HARD Click Quiz - Q - Statistics

General Stats
  • This quiz has been taken 275 times
  • The average score is 7 of 14
Answer Stats
Hint Answer % Correct
Latin American celebration of a girl turning 15 Quinceañera
91%
Similar to, but not exactly Quasi
79%
Extinct South African wild horse Quagga
67%
Sudden feeling of doubt or sickness Qualm
65%
Dormant, inactive Quiescent
61%
Arrangement of five objects in a square with one in the middle Quincunx
60%
Arranged in sets of five Quinate
57%
Habitually complaining or grumbling Querimonious
54%
Enemy collaborator; traitor Quisling
52%
Impudent young woman Quean
35%
Marked by moodiness or unpredictability Quicksilver
31%
Relating to essential nature or identity Quidditative
24%
One who seeks news or gossip; busybody Quidnunc
21%
Of the past; former Quondam
20%
No matching quizzes found
Score Distribution
Percent of People with Each Score
Percentile by Number Answered
Your Score History
You have not taken this quiz